حيوانات محبوبه : (Record no. 59778)
[ view plain ]
| 000 -الفاتح | |
|---|---|
| حقل البيانات ثابتة الطول | 00796nam a22002057a 4500 |
| 005 - وقت وتاريخ اخر تعامل مع التسجيلة | |
| رقم الضبط | 20240530110335.0 |
| 008 - عناصر البيانات ثابتة الطول - معلومات عامة | |
| حقل البيانات ثابتة الطول | 140907s200 ua o gr 000 0 ara d |
| 040 ## - مصدر الفهرسة | |
| وكالة الفهرسة الأصلية | EG-CaGPL |
| 082 40 - رقم تصنيف ديوى العشرى | |
| رقم التصنيف | 579.4 |
| رقم المادة | ط/س ح |
| رقم الطبعة | 21 |
| 100 ## - المدخل الرئيسى - إسم شخصى | |
| الإسم الشخصى | سليمه اكرام |
| 245 10 - بيان العنوان | |
| العنوان | حيوانات محبوبه : |
| بقية العنوان | مومياوات الحيوانات بالمتحف المصرى / |
| بيان المسئوليه,etc | سليمه اكرام |
| 260 ## - PUBLICATION, DISTRIBUTION, ETC. (IMPRINT) | |
| تاريخ النشر أو التوزيع | 200- |
| 300 ## - الوصف المادى | |
| التعداد | 32 ص ؛ |
| أبعاد الوعاء | 24 سم |
| 490 ## - بيان السلسلة | |
| عنوان السلسلة | سلسلة الثقافة الاثرية : اعرف حضارة بلدك |
| رقم المجلد/ التعيين التسلسلي | 5 |
| 650 07 - المدخل الاضافى بالموضوع-مصطلح موضوعى | |
| مصطلح موضوعي | المتحف المصري |
| 650 07 - المدخل الاضافى بالموضوع-مصطلح موضوعى | |
| مصطلح موضوعي | قصص اطفال |
| 650 07 - المدخل الاضافى بالموضوع-مصطلح موضوعى | |
| مصطلح موضوعي | الحيوانات |
| التقسيم الفرعي العام | الفن المصرى القديم |
| 700 ## - المدخل الاضافى - اسم شخصى | |
| الإسم الشخصى | زاهي حواس |
| الدور | مقدم |
| 942 ## - عناصر المدخل الإضافي( كوها) | |
| مصدر التصنيف او مخطط الترفيف | Dewey Decimal Classification |
| Koha [default] item type | كتاب |
| 260 ## - PUBLICATION, DISTRIBUTION, ETC. (IMPRINT) | |
| -- | المجلس الاعلي للاثار |
| -- | القاهرة : |
| حالة التراجع | حالة الفقد | حالة تلف | ليس للاعارة | المكان المؤقت | الموقع الحالى | تاريخ الاكتساب | اجمالي اﻻعارات | رقم الطلب | الباركود | تاريخ اخر مشاهدة | تاريخ تفعيل السعر | نوع وعاء كوها |
|---|---|---|---|---|---|---|---|---|---|---|---|---|
| مكتبة القاهرة الكبرى | مكتبة القاهرة الكبرى | 09/07/2014 | 579.4 ط/س ح | 158701 | 09/07/2014 | 09/07/2014 | كتاب |

